Bài giảng sử dụng bảng tính cơ bản
সংরক্ষণ করুন:
| অন্যান্য লেখক: | , , , |
|---|---|
| বিন্যাস: | গ্রন্থ |
| প্রকাশিত: |
Đồng Tháp
Đại Học Đồng Tháp
2017
|
| বিষয়গুলি: | |
| ট্যাগগুলো: |
ট্যাগ যুক্ত করুন
কোনো ট্যাগ নেই, প্রথমজন হিসাবে ট্যাগ করুন!
|
| Thư viện lưu trữ: | Trung tâm Học liệu Lê Vũ Hùng, Trường Đại học Đồng Tháp |
|---|
| LEADER | 01113pam a22003738a 4500 | ||
|---|---|---|---|
| 001 | 00036833 | ||
| 005 | 20171026081025.0 | ||
| 008 | 170330s2017 ||||||Viesd | ||
| 020 | # | # | |c 15000 |
| 041 | 0 | # | |a Vie |
| 082 | 1 | 4 | |a 005.5 |b B103GI |
| 245 | 0 | 0 | |a Bài giảng sử dụng bảng tính cơ bản |c Nguyễn Thị Bích Phượng; Hà Vũ Hoàng; Nguyễn Phúc Huy....[ Và những người khác] |
| 260 | # | # | |a Đồng Tháp |b Đại Học Đồng Tháp |c 2017 |
| 300 | # | # | |a 101tr. |c 21 cm. |
| 653 | # | # | |a Tin học |
| 653 | # | # | |a Microsoft excel |
| 653 | # | # | |a Bài giảng |
| 653 | # | # | |a Trình chiếu |
| 700 | 1 | # | |a Hà, Vũ Hoàng |
| 700 | 1 | # | |a Nguyễn Minh Luôn |
| 700 | 1 | # | |a Nguyễn, Phúc Huy |
| 700 | 1 | # | |a Nguyễn, Thị Bích Phượng |e Biên Soạn |
| 852 | # | # | |b Kho đọc |j KD.0019681 |
| 852 | # | # | |j KD.0019681 |
| 910 | |d 30/03/2017 | ||
| 980 | # | # | |a Trung tâm Học liệu Lê Vũ Hùng, Trường Đại học Đồng Tháp |